| 000 | 00833nam a2200253Ia 4500 | ||
|---|---|---|---|
| 003 | OSt | ||
| 005 | 20221005043121.0 | ||
| 006 | a|||||r|||| 00| 0 | ||
| 007 | ta | ||
| 008 | 221004b |||||||| |||| 00| 0 eng d | ||
| 020 |
_a9780754675129 (hbk) _c6264.30 |
||
| 024 | _a122758 | ||
| 037 |
_b10753, 06/09/2012, Elite Publishers Distributors _cTextual |
||
| 040 |
_aCRL _cCRL _beng |
||
| 041 |
_2eng _aeng |
||
| 082 | _aNA6,33, Q2 | ||
| 100 |
_aDemissie Fassil Ed. _9591226 |
||
| 245 | 0 |
_aColonial architecture and urbanism in Africa _b Interwined and contested histories |
|
| 260 |
_aEngland _bAshgate Publication _c2012 |
||
| 300 |
_axviii,438p. _ccm. |
||
| 650 | _aARTS | ||
| 942 |
_hNA6,33, Q2 _cTEXL _2cc |
||
| 999 |
_c951323 _d951323 |
||